000 00755nam a2200241Ia 4500
003 OSt
005 20220923225538.0
006 a|||||r|||| 00| 0
007 ta
008 220922b |||||||| |||| 00| 0 hin d
024 _a270,822
037 _cTextual
040 _aARTS
_cARTS
_bhin
041 _2hin
_ahin
082 _a2:97, 152N4;N6
100 _aसूद, एस पी
245 0 _aप्रलेखन एवं सूचना विज्ञान
246 _aPralekhan evan sūchanā vijnyāna
260 _c1994
650 _aपुस्तकालय-सूचना प्रौद्योगिकी
_9158639
942 _h2:97, 152N4;N6
_cTEXL
_2CC
999 _c378984
_d378984